Introduction to Computer Data Processing and System Analysis (Record no. 218468)

MARC details
000 -LEADER
fixed length control field 00473nam a2200181Ia 4500
008 - FIXED-LENGTH DATA ELEMENTS--GENERAL INFORMATION
fixed length control field 240823s9999||||xx |||||||||||||| ||und||
020 ## - INTERNATIONAL STANDARD BOOK NUMBER
International Standard Book Number 81-7014-108-7
082 ## - DEWEY DECIMAL CLASSIFICATION NUMBER
-- 004 P1
100 ## - MAIN ENTRY--PERSONAL NAME
Personal name Kapoor V K
245 #0 - TITLE STATEMENT
Title Introduction to Computer Data Processing and System Analysis
250 ## - EDITION STATEMENT
Edition statement 5th
260 ## - PUBLICATION, DISTRIBUTION, ETC. (IMPRINT)
Date of publication, distribution, etc 2001
Name of publisher, distributor, etc "S Chand,New Delhi"
500 ## - GENERAL NOTE
General note YES
650 ## - SUBJECT ADDED ENTRY--TOPICAL TERM
Topical term or geographic name as entry element Data Process
942 ## - ADDED ENTRY ELEMENTS (KOHA)
Item type Books
Holdings
Withdrawn status Lost status Damaged status Permanent location Current location Date acquired Source of acquisition Cost, normal purchase price Full call number Barcode Date last seen Koha item type
      CENTRAL LIBRARY, NOORUL ISLAM CENTRE FOR HIGHER EDUCATION CENTRAL LIBRARY, NOORUL ISLAM CENTRE FOR HIGHER EDUCATION 05/21/2014 Higginbothams Private Ltd 120.00 004 P1 67883 08/23/2024 Books
Visitors:
Copyright © 2024 Central Library NICHE.  All rights reserved.